000
00322nam a2200133Ia 4500
005
20260328101446.0
008
260328s9999||||xx |||||||||||||| ||und||
100
_a
David, Rosalie
245
0
_a
Les trésors de L'Egypte /
_c
Rosalie David
260
_b
Editions Princesse
300
_a
208 p.
650
_a
ARTE
942
_c
BK
999
_c
8480
_d
8480